[Event "CCLA Team Champ, Div 2 Bd 3, S91139"]
[Site "CCLA"]
[Date "2019.10.14"]
[Round "?"]
[White "Cangelosi, Dominic"]
[Black "Lyons, Anthony W."]
[Result "1-0"]
[WhiteElo "1449"]
[BlackElo "1123"]
[Board "4"]
[WhiteTeam "Idaho Mountaineers"]
[BlackTeam "Snowbirds"]

1. d4 Nf6 2. c4 e6 3. Nc3 d5 4. cxd5 exd5 5. Bg5 Be7 6. Nf3 O-O 7. e3 h6 
8. Bh4 c6 9. Bd3 Bg4 10. O-O Bxf3 11. Qxf3 b5 12. Rae1 Nfd7 13. Bg3 Na6 
14. e4 dxe4 15. Bxe4 Nb4 16. Nxb5 Rc8 17. Nxa7 Ra8 18. Nxc6 Nxc6 19. Bxc6 
Rxa2 20. Ra1 Rxb2 21. Ra7 Nf6 22. Be5 1-0

[Event "CCLA Team Champ, Div 2 Bd 3, S91139"]
[Site "CCLA"]
[Date "2019.10.14"]
[Round "?"]
[White "Cangelosi, Dominic"]
[Black "Smail, John"]
[Result "0-1"]
[WhiteElo "1449"]
[BlackElo "1656"]
[Board "4"]
[WhiteTeam "Idaho Mountaineers"]
[BlackTeam "Castles West "]

1. d4 e6 2. c4 f5 3. Nc3 Nf6 4. g3 Be7 5. Bg2 O-O 6. e4 fxe4 7. Nxe4 Nxe4 
8. Bxe4 d5 9. cxd5 exd5 10. Bc2 Bb4+ 11. Bd2 Qf6 12. f4 Qxd4 13. Bxb4 
Qxb4+ 14. Qd2 Qxd2+ 15. Kxd2 Bf5 16. Rc1 Bxc2 17. Rxc2 c6 18. Nf3 Nd7 19. 
Re1 Rae8 20. Rcc1 Nf6 21. Re5 Ne4+ 22. Ke3 Nd6 23. Re1 Nc4+ 24. Kd4 Nxe5 
25. Rxe5 Rxe5 26. Nxe5 g5 0-1

[Event "CCLA Team Champ, Div 2 Bd 3, S91139"]
[Site "CCLA"]
[Date "2019.10.14"]
[Round "?"]
[White "Cangelosi, Dominic"]
[Black "Hadley, Douglas R."]
[Result "1-0"]
[WhiteElo "1449"]
[BlackElo "1594"]
[Board "4"]
[WhiteTeam "Idaho Mountaineers"]
[BlackTeam "Norsemen"]

1. d4 Nf6 2. c4 e6 3. Nc3 Bb4 4. Qb3 c5 5. dxc5 Na6 6. a3 Bxc5 7. e3 b6 8.
 Be2 Bb7 9. Nf3 Nc7 10. O-O O-O 11. Qc2 a5 12. Na4 Nce8 13. Nxc5 bxc5 14. 
Bd2 Ne4 15. Bd3 Nxd2 16. Bxh7+ Kh8 17. Nxd2 g6 18. Bxg6 fxg6 19. Qxg6 Qf6 
20. Qh5+ Kg8 21. Qg4+ Qg7 22. f3 Qxg4 23. fxg4 Nf6 24. Rf4 Rf7 25. Raf1 
Raf8 26. g5 a4 27. gxf6 1-0

[Event "CCLA Team Champ, Div 2 Bd 3, S91139"]
[Site "CCLA"]
[Date "2019.10.14"]
[Round "?"]
[White "Lyons, Anthony W."]
[Black "Cangelosi, Dominic"]
[Result "0-1"]
[WhiteElo "1123"]
[BlackElo "1449"]
[Board "4"]
[WhiteTeam "Snowbirds"]
[BlackTeam "Idaho Mountaineers"]

1. d4 e5 2. dxe5 Bb4+ 3. Bd2 Bxd2+ 4. Qxd2 Qe7 5. Nf3 Nc6 6. e3 Nxe5 7. 
Nxe5 Qxe5 8. Qd4 Qxd4 9. exd4 d5 10. Nc3 Nf6 11. Bd3 O-O 12. O-O Be6 13. 
Be2 Rad8 14. Nb5 c6 15. Nxa7 Ra8 16. Nxc6 bxc6 17. c3 Rfe8 18. h3 Bxh3 19.
 gxh3 Rxe2 20. b4 Ne4 21. Rfe1 Rxf2 22. Rec1 Raxa2 23. Rxa2 Rxa2 0-1

[Event "CCLA Team Champ, Div 2 Bd 3, S91139"]
[Site "CCLA"]
[Date "2019.10.14"]
[Round "?"]
[White "Lyons, Anthony W."]
[Black "Smail, John"]
[Result "0-1"]
[WhiteElo "1123"]
[BlackElo "1656"]
[Board "4"]
[WhiteTeam "Snowbirds"]
[BlackTeam "Castles West "]

1. d4 e6 2. e4 d5 3. Nc3 Nf6 4. exd5 exd5 5. Bg5 Be7 6. Bb5+ c6 7. Ba4 O-O
8. Nf3 Nbd7 9. Ne5 Nxe5 10. O-O Ng6 11. Bxf6 Bxf6 12. h3 Qb6 13. Bb3 Qxd4 
14. Qxd4 Bxd4 15. Nxd5 cxd5 16. c3 Bb6 17. Rad1 Be6 18. Bc2 Rac8 19. Bxg6 
hxg6 20. Rfe1 Rc4 21. Rxe6 fxe6 22. Re1 Rf6 0-1

[Event "CCLA Team Champ, Div 2 Bd 3, S91139"]
[Site "CCLA"]
[Date "2019.10.14"]
[Round "?"]
[White "Lyons, Anthony W."]
[Black "Hadley, Douglas R."]
[Result "0-1"]
[WhiteElo "1123"]
[BlackElo "1594"]
[Board "4"]
[WhiteTeam "Snowbirds"]
[BlackTeam "Norsemen"]

1. d4 Nf6 2. Nf3 b6 3. g3 Bb7 4. Nbd2 e6 5. Bg2 c5 6. dxc5 Bxc5 7. b3 O-O 
8. O-O d5 9. Bb2 Nbd7 10. Ne5 Bd6 11. Nxd7 Nxd7 12. e4 Rc8 13. exd5 Bxd5 
14. Re1 Bxg2 15. Kxg2 Re8 16. Ne4 Be7 17. Nd6 Bxd6 18. Qxd6 Rxc2 19. Red1 
Qa8+ 20. Kg1 Nc5 21. Bd4 Ne4 22. Qe5 f6 23. Qh5 e5 24. Be3 Qc6 25. Rf1 Nc3
26. Rfe1 Rc8 27. Qh3 Ne2+ 28. Kf1 Qh1# 0-1

[Event "CCLA Team Champ, Div 2 Bd 3, S91139"]
[Site "CCLA"]
[Date "2019.10.14"]
[Round "?"]
[White "Smail, John"]
[Black "Cangelosi, Dominic"]
[Result "1-0"]
[WhiteElo "1656"]
[BlackElo "1449"]
[Board "4"]
[WhiteTeam "Castles West "]
[BlackTeam "Idaho Mountaineers"]

1. e4 d5 2. exd5 Qxd5 3. Nc3 Qa5 4. d4 e5 5. Nf3 Bd6 6. Bd2 Nc6 7. Bb5 Bd7
8. Qe2 a6 9. Bxc6 Bxc6 10. Ne4 Qb5 11. c4 Qxb2 12. O-O Qc2 13. d5 Bd7 14. 
Rfc1 Qa4 15. Nxe5 Bxe5 16. Nc5 Qa3 17. Qxe5+ Ne7 18. Qxc7 Rc8 19. Qxd7+ 
Kf8 20. d6 Qxc5 21. dxe7+ 1-0

[Event "CCLA Team Champ, Div 2 Bd 3, S91139"]
[Site "CCLA"]
[Date "2019.10.14"]
[Round "?"]
[White "Smail, John"]
[Black "Lyons, Anthony W."]
[Result "1-0"]
[WhiteElo "1656"]
[BlackElo "1123"]
[Board "4"]
[WhiteTeam "Castles West "]
[BlackTeam "Snowbirds"]

1. d4 Nf6 2. Bg5 Nd5 3. e4 Nf6 4. Nc3 d6 5. Qd2 e5 6. dxe5 Be7 7. exf6 
Bxf6 8. Bxf6 Qxf6 9. O-O-O a6 10. Nf3 Bg4 11. Nd5 Qd8 12. Ne3 Bxf3 13. 
gxf3 O-O 14. Rg1 Nc6 15. Nf5 Ne5 16. Rxg7+ Kh8 17. Qh6 Qf6 18. Qxh7# 1-0

[Event "CCLA Team Champ, Div 2 Bd 3, S91139"]
[Site "CCLA"]
[Date "2019.10.14"]
[Round "?"]
[White "Smail, John"]
[Black "Hadley, Douglas R."]
[Result "1/2-1/2"]
[WhiteElo "1656"]
[BlackElo "1594"]
[Board "4"]
[WhiteTeam "Castles West "]
[BlackTeam "Norsemen"]

1. d4 Nf6 2. Nf3 e6 3. e3 c5 4. b3 b6 5. Bd3 Bb7 6. O-O Be7 7. Bb2 O-O 8. 
Nbd2 cxd4 9. exd4 d6 10. Qe2 Nbd7 11. Rae1 Re8 12. c4 Rc8 13. Ng5 h6 14. 
Nh3 d5 15. f4 Bb4 16. a3 Bd6 17. b4 dxc4 18. Nxc4 Bb8 19. g4 Nd5 20. g5 
Kf8 21. Ne5 Bxe5 22. fxe5 hxg5 23. Bg6 Nf4 24. Nxf4 gxf4 25. Rxf4 Qg5+ 26.
 Rg4 Qxg6 27. Rxg6 fxg6 28. Qd3 Kg8 29. Qxg6 Nf8 30. Qd3 Bd5 31. Re3 
1/2-1/2

[Event "CCLA Team Champ, Div 2 Bd 3, S91139"]
[Site "CCLA"]
[Date "2019.10.14"]
[Round "?"]
[White "Hadley, Douglas R."]
[Black "Cangelosi, Dominic"]
[Result "1-0"]
[WhiteElo "1594"]
[BlackElo "1449"]
[Board "4"]
[WhiteTeam "Norsemen"]
[BlackTeam "Idaho Mountaineers"]

1. e4 c6 2. d4 d5 3. Nc3 e6 4. Nf3 Bb4 5. e5 Nd7 6. Bd2 f6 7. a3 Be7 8. b4
Qc7 9. Bd3 fxe5 10. Nxe5 Nxe5 11. dxe5 Qxe5+ 12. Qe2 Qxe2+ 13. Nxe2 Nf6 
14. Nd4 e5 15. Nb3 Bg4 16. f3 Bh5 17. Bf5 O-O 18. O-O-O e4 19. fxe4 Bxd1 
20. Be6+ Kh8 21. Rxd1 Nxe4 22. Be3 Rf6 23. Bg4 Nf2 24. Bxf2 Rxf2 25. Bf3 
Bg5+ 26. Kb1 Bf4 27. h3 Re8 28. Nc5 Re7 29. Nd3 g5 30. Nxf2 Re3 31. Nd3 h6
32. Nxf4 gxf4 33. Kb2 Re5 34. Rd4 1-0

[Event "CCLA Team Champ, Div 2 Bd 3, S91139"]
[Site "CCLA"]
[Date "2019.10.14"]
[Round "?"]
[White "Hadley, Douglas R."]
[Black "Lyons, Anthony W."]
[Result "1-0"]
[WhiteElo "1594"]
[BlackElo "1123"]
[Board "4"]
[WhiteTeam "Norsemen"]
[BlackTeam "Snowbirds"]

1. e4 e5 2. Nf3 Nc6 3. Bb5 Qf6 4. Nc3 a6 5. Nd5 Qd6 6. Ba4 Nf6 7. Nxf6+ 
Qxf6 8. c3 Bc5 9. O-O O-O 10. d3 b5 11. Bb3 h6 12. Bd5 Bb7 13. b4 Bd6 14. 
Be3 Rab8 15. a4 Ne7 16. Bxb7 Rxb7 17. axb5 axb5 18. Ra6 c6 19. Qd2 Nc8 20.
 Re1 Bc7 21. d4 Ra7 22. Rxa7 Nxa7 23. dxe5 Qe6 24. Bxa7 Bxe5 25. Nxe5 Qxe5
26. Bd4 1-0

[Event "CCLA Team Champ, Div 2 Bd 3, S91139"]
[Site "CCLA"]
[Date "2019.10.14"]
[Round "?"]
[White "Hadley, Douglas R."]
[Black "Smail, John"]
[Result "0-1"]
[WhiteElo "1594"]
[BlackElo "1656"]
[Board "4"]
[WhiteTeam "Norsemen"]
[BlackTeam "Castles West "]

1. e4 e5 2. Nf3 Nc6 3. Bb5 Bc5 4. O-O Nf6 5. c3 O-O 6. d4 Bb6 7. Bg5 h6 8.
 Bh4 d6 9. Qd3 Qe7 10. Nbd2 Bd7 11. d5 Nb8 12. Bxd7 Nbxd7 13. b4 g5 14. 
Nxg5 hxg5 15. Bxg5 Rfc8 16. Qg3 Kf8 17. Qh4 Qd8 18. Kh1 Ke7 19. f4 Qh8 20.
 Qxh8 Rxh8 21. fxe5 dxe5 22. Nc4 Rag8 23. Rf5 Rxg5 24. Rxg5 Nxe4 25. Rf5 
Ng3# 0-1

[Event "CCLA Team Champ, Div 2 Bd 3, S91139"]
[Site "CCLA"]
[Date "2019.10.14"]
[Round "?"]
[White "Stevenson, Wayne"]
[Black "Graupera, Carlos"]
[Result "1-0"]
[WhiteElo "1657"]
[BlackElo "1496"]
[Board "1"]
[WhiteTeam "Idaho Mountaineers"]
[BlackTeam "Snowbirds"]

1. Nf3 Nf6 2. d3 c5 3. Nbd2 e6 4. g3 Nc6 5. Bg2 d5 6. O-O Bd6 7. e4 dxe4 
8. dxe4 O-O 9. Re1 e5 10. Nc4 Nd4 11. Nfxe5 Qc7 12. Bf4 Re8 13. Nxd6 Qxd6 
14. Nxf7 Qe7 15. Nd6 Rd8 16. e5 Nd5 17. Bxd5+ 1-0

[Event "CCLA Team Champ, Div 2 Bd 3, S91139"]
[Site "CCLA"]
[Date "2019.10.14"]
[Round "?"]
[White "Stevenson, Wayne"]
[Black "Shannon, Paul D."]
[Result "0-1"]
[WhiteElo "1657"]
[BlackElo "1889"]
[Board "1"]
[WhiteTeam "Idaho Mountaineers"]
[BlackTeam "Castles West "]

1. Nf3 f5 2. g3 Nf6 3. Bg2 e6 4. d3 Be7 5. Nbd2 d6 6. O-O O-O 7. e4 e5 8. 
Re1 c6 9. exf5 Bxf5 10. Nc4 Na6 11. Bd2 Qd7 12. Qe2 Rae8 13. Ng5 h6 14. 
Nf3 Bd8 15. b3 e4 16. Nh4 exd3 17. Qf1 dxc2 18. Rxe8 Rxe8 19. Nxf5 Qxf5 
20. Nxd6 Qd7 21. Qc4+ Kf8 22. Bf4 Bc7 23. Nxe8 Qd1+ 24. Bf1 Bxf4 25. Rxd1 
cxd1=Q 26. Nxf6 gxf6 27. Qxf4 Kg7 0-1

[Event "CCLA Team Champ, Div 2 Bd 3, S91139"]
[Site "CCLA"]
[Date "2019.10.14"]
[Round "?"]
[White "Stevenson, Wayne"]
[Black "Tedesco, Matthew"]
[Result "0-1"]
[WhiteElo "1657"]
[BlackElo "1822"]
[Board "1"]
[WhiteTeam "Idaho Mountaineers"]
[BlackTeam "Norsemen"]

1. g3 d5 2. Nf3 c5 3. Bg2 Nc6 4. O-O e5 5. d3 Nf6 6. Nbd2 Be7 7. e4 O-O 8.
 Re1 d4 9. Nc4 Qc7 10. a3 b5 11. Ncd2 Be6 12. b3 Qd7 13. Ng5 Bg4 14. Bf3 
h6 15. Bxg4 Nxg4 16. Ngf3 f5 17. a4 b4 18. Nc4 f4 19. Bd2 Rf6 20. Qe2 Raf8
21. Kg2 fxg3 22. fxg3 Rxf3 23. Qxf3 Rxf3 24. Kxf3 Nxh2+ 25. Kg2 Ng4 26. 
Re2 Qd8 27. Rf1 Bg5 28. Bxg5 Qxg5 29. Rf5 Qc1 30. Rf1 Qg5 31. Rf5 Qe7 0-1

[Event "CCLA Team Champ, Div 2 Bd 3, S91139"]
[Site "CCLA"]
[Date "2019.10.14"]
[Round "?"]
[White "Graupera, Carlos"]
[Black "Stevenson, Wayne"]
[Result "1-0"]
[WhiteElo "1496"]
[BlackElo "1657"]
[Board "1"]
[WhiteTeam "Snowbirds"]
[BlackTeam "Idaho Mountaineers"]

1. e4 e6 2. d4 d5 3. e5 c5 4. c3 Nc6 5. Nf3 Bd7 6. Be2 Qb6 7. dxc5 Bxc5 8.
 O-O Nh6 9. b4 Be7 10. Be3 Qc7 11. Bf4 O-O 12. Bxh6 gxh6 13. Qd2 Nxe5 14. 
Qxh6 Nxf3+ 15. Bxf3 Qe5 16. Qe3 Qxe3 17. fxe3 Bb5 18. Rf2 a5 19. a4 axb4 
20. cxb4 Rfc8 21. Rfa2 Rc1+ 22. Kf2 Rf1+ 23. Kg3 Bxb4 24. axb5 1-0

[Event "CCLA Team Champ, Div 2 Bd 3, S91139"]
[Site "CCLA"]
[Date "2019.10.14"]
[Round "?"]
[White "Graupera, Carlos"]
[Black "Shannon, Paul D."]
[Result "0-1"]
[WhiteElo "1496"]
[BlackElo "1889"]
[Board "1"]
[WhiteTeam "Snowbirds"]
[BlackTeam "Castles West "]

1. e4 e6 2. d4 d5 3. e5 c5 4. c3 Nc6 5. Nf3 Bd7 6. Bd3 cxd4 7. cxd4 Qb6 8.
 O-O Nxd4 9. Nbd2 Nxf3+ 10. Nxf3 Ne7 11. Be3 Qc7 12. Rc1 Nc6 13. Ng5 Qxe5 
14. f4 Qxe3+ 0-1

[Event "CCLA Team Champ, Div 2 Bd 3, S91139"]
[Site "CCLA"]
[Date "2019.10.14"]
[Round "?"]
[White "Graupera, Carlos"]
[Black "Tedesco, Matthew"]
[Result "0-1"]
[WhiteElo "1496"]
[BlackElo "1822"]
[Board "1"]
[WhiteTeam "Snowbirds"]
[BlackTeam "Norsemen"]

1. e4 d5 2. exd5 Qxd5 3. Nc3 Qd8 4. d4 Nf6 5. Nf3 Bg4 6. h3 Bxf3 7. Qxf3 
c6 8. Be3 e6 9. Bd3 Nbd7 10. O-O Bd6 11. Ne4 Nxe4 12. Bxe4 Nf6 13. Bg5 h6 
14. Bxf6 gxf6 15. c4 f5 16. Bd3 Bc7 17. d5 Qd6 18. g3 O-O-O 19. Rfd1 h5 
20. dxe6 fxe6 21. Bxf5 Qe5 22. Be4 h4 23. Rxd8+ Rxd8 24. Kg2 hxg3 0-1

[Event "CCLA Team Champ, Div 2 Bd 3, S91139"]
[Site "CCLA"]
[Date "2019.10.14"]
[Round "?"]
[White "Shannon, Paul D."]
[Black "Stevenson, Wayne"]
[Result "1-0"]
[WhiteElo "1889"]
[BlackElo "1657"]
[Board "1"]
[WhiteTeam "Castles West "]
[BlackTeam "Idaho Mountaineers"]

1. c4 Nf6 2. Nc3 g6 3. g3 Bg7 4. Bg2 O-O 5. d4 d6 6. Nf3 Nc6 7. O-O d5 8. 
cxd5 Nxd5 9. e4 Nxc3 10. bxc3 Na5 11. Bf4 b6 12. Qc1 Bb7 13. Re1 Qd7 14. 
Bh6 Rad8 15. Bxg7 Kxg7 16. Ne5 Qb5 17. Bf1 Qa4 18. Ng4 Nc4 19. Qh6+ Kg8 
20. Qg5 f6 21. Qc1 Nd6 22. e5 Qc6 23. f3 Qxf3 24. Nf2 Nf5 25. Qf4 Qxc3 26.
 Rac1 Qxd4 27. Rxc7 Ba8 28. Rxa7 Qxf4 29. gxf4 Nd4 30. Bc4+ e6 31. Be2 1-0

[Event "CCLA Team Champ, Div 2 Bd 3, S91139"]
[Site "CCLA"]
[Date "2019.10.14"]
[Round "?"]
[White "Shannon, Paul D."]
[Black "Graupera, Carlos"]
[Result "1-0"]
[WhiteElo "1889"]
[BlackElo "1496"]
[Board "1"]
[WhiteTeam "Castles West "]
[BlackTeam "Snowbirds"]
[Termination "time forfeit"]

1. c4 Nf6 2. Nc3 e6 3. Nf3 c5 4. g3 Nc6 5. Bg2 d6 6. O-O Be7 7. d4 O-O 8. 
d5 exd5 9. cxd5 Nb8 10. e4 Nbd7 11. Re1 a6 12. a4 b6 13. h3 Rb8 14. Qd3 
Qc7 15. e5 dxe5 16. b3 Bb7 17. Nh4 g6 18. Bh6 Rfe8 19. Rad1 Bd6 20. Ne4 
1-0

[Event "CCLA Team Champ, Div 2 Bd 3, S91139"]
[Site "CCLA"]
[Date "2019.10.14"]
[Round "?"]
[White "Tedesco, Matthew"]
[Black "Stevenson, Wayne"]
[Result "1-0"]
[WhiteElo "1822"]
[BlackElo "1657"]
[Board "1"]
[WhiteTeam "Norsemen"]
[BlackTeam "Idaho Mountaineers"]

1. d4 Nf6 2. Bf4 g6 3. Nc3 d5 4. Qd2 Bg7 5. Bh6 O-O 6. Bxg7 Kxg7 7. O-O-O 
c6 8. f3 b5 9. g4 Nbd7 10. h4 Nb6 11. h5 Nc4 12. Qf4 Qd6 13. e3 Qxf4 14. 
exf4 Ne3 15. h6+ Kg8 16. Re1 Nxf1 17. Rxf1 Nd7 18. Re1 e6 19. Nce2 a5 20. 
Nh3 Nb6 21. Ng3 Nc4 22. f5 exf5 23. gxf5 Nd6 24. fxg6 hxg6 25. h7+ Kxh7 
26. Nf4+ Kg8 27. Reg1 a4 28. Ngh5 Rd8 29. Nxg6 fxg6 30. Rxg6+ Kf8 31. Nf4 
Bf5 32. Rxd6 Rxd6 33. Rh8+ Ke7 34. Rxa8 Rh6 35. Ra7+ Kd6 36. Rf7 Rh1+ 37. 
Kd2 Rh2+ 38. Ne2 Rf2 39. Rxf5 1-0

[Event "CCLA Team Champ, Div 2 Bd 3, S91139"]
[Site "CCLA"]
[Date "2019.10.14"]
[Round "?"]
[White "Tedesco, Matthew"]
[Black "Graupera, Carlos"]
[Result "1-0"]
[WhiteElo "1822"]
[BlackElo "1496"]
[Board "1"]
[WhiteTeam "Norsemen"]
[BlackTeam "Snowbirds"]

1. d4 Nf6 2. Bf4 e6 3. e3 b6 4. Nf3 Bb7 5. Bd3 Be7 6. h3 c5 7. O-O d6 8. 
Nbd2 Nbd7 9. c3 O-O 10. a4 Rc8 11. Re1 d5 12. Ne5 cxd4 13. exd4 Nxe5 14. 
Bxe5 a6 15. Qe2 Qd7 16. Bxa6 Bxa6 17. Qxa6 Qc6 18. Qd3 Nd7 19. Nf3 f6 20. 
Bf4 e5 21. dxe5 Nc5 22. Qc2 fxe5 23. Nxe5 Qf6 24. Bg3 Bd6 25. Ng4 Qd8 26. 
b4 Ne4 27. Rxe4 dxe4 28. Rd1 1-0

[Event "CCLA Team Champ, Div 2 Bd 3, S91139"]
[Site "CCLA"]
[Date "2019.10.14"]
[Round "?"]
[White "Tedesco, Matthew"]
[Black "Shannon, Paul D."]
[Result "1-0"]
[WhiteElo "1822"]
[BlackElo "1889"]
[Board "1"]
[WhiteTeam "Norsemen"]
[BlackTeam "Castles West "]

1. d4 e6 2. Bf4 f5 3. e3 Nf6 4. Be2 Be7 5. c4 d5 6. Nf3 c6 7. O-O O-O 8. 
h3 Ne4 9. Nc3 Nd7 10. Qc2 Qe8 11. a3 Kh8 12. Nxe4 fxe4 13. Ne5 Nf6 14. b4 
Bd7 15. f3 Rd8 16. fxe4 Nxe4 17. c5 Bf6 18. g4 Ng5 19. Kg2 Nf7 20. Bd3 
Bxe5 21. dxe5 h6 22. Rh1 g5 23. Bg3 Qe7 24. h4 Kg7 25. Raf1 Nh8 26. hxg5 
Qxg5 27. Qe2 Rxf1 28. Rxf1 Rf8 29. Bf4 Qe7 30. Bxh6+ 1-0

[Event "CCLA Team Champ, Div 2 Bd 3, S91139"]
[Site "CCLA"]
[Date "2019.10.14"]
[Round "?"]
[White "Vecchio, Ralph"]
[Black "Jimenez, Jose"]
[Result "1-0"]
[WhiteElo "1450"]
[BlackElo "1163"]
[Board "3"]
[WhiteTeam "Idaho Mountaineers"]
[BlackTeam "Snowbirds"]

1. e4 e5 2. Nf3 Bd6 3. Bc4 Nf6 4. Nc3 O-O 5. O-O Nc6 6. d4 exd4 7. Nxd4 h5
8. Nf3 Ng4 9. Bg5 Qe8 10. h3 Nge5 11. Bb3 b6 12. Nd5 Rb8 13. Re1 f6 14. 
Nxc7+ Kh8 15. Nxe8 Rxe8 16. Qxd6 fxg5 17. Nxg5 a5 18. f4 Nb4 19. Qxb8 h4 
20. fxe5 Na6 21. Qxb6 Rxe5 22. Qd8+ 1-0

[Event "CCLA Team Champ, Div 2 Bd 3, S91139"]
[Site "CCLA"]
[Date "2019.10.14"]
[Round "?"]
[White "Vecchio, Ralph"]
[Black "Avery, Bryce"]
[Result "0-1"]
[WhiteElo "1450"]
[BlackElo "1684"]
[Board "3"]
[WhiteTeam "Idaho Mountaineers"]
[BlackTeam "Castles West "]

1. d4 Nf6 2. Nf3 d5 3. Nc3 Bg4 4. Ne5 Bf5 5. f3 e6 6. Bg5 Be7 7. g4 Bg6 8.
 e3 O-O 9. Be2 Nbd7 10. h4 h6 11. Nxg6 fxg6 12. Bf4 c5 13. dxc5 Nxc5 14. 
b4 Ncd7 15. a3 Rc8 16. Qd3 Qe8 17. O-O-O a5 18. bxa5 Bxa3+ 19. Kd2 Bb4 20.
 Ke1 Rxc3 21. Qb5 Qe7 22. Rb1 Rb3+ 23. Kf2 Rxb1 24. Rxb1 Bd6 25. Bxd6 Qxd6
26. Kg2 Qe5 27. Rb4 Qxe3 28. Rb3 Qc5 29. Bd3 Nxg4 30. Qxc5 Nxc5 31. Rb4 
Nxd3 32. Rxg4 Ne1+ 33. Kf2 Nxf3 34. Ke3 Ne5 35. Rb4 Nc4+ 0-1

[Event "CCLA Team Champ, Div 2 Bd 3, S91139"]
[Site "CCLA"]
[Date "2019.10.14"]
[Round "?"]
[White "Vecchio, Ralph"]
[Black "Zarges, Ron V."]
[Result "0-1"]
[WhiteElo "1450"]
[BlackElo "1687"]
[Board "3"]
[WhiteTeam "Idaho Mountaineers"]
[BlackTeam "Norsemen"]

1. e4 c5 2. Nf3 Nc6 3. Bb5 e6 4. O-O Nge7 5. c3 d5 6. exd5 Qxd5 7. c4 Qd8 
8. Ne5 Bd7 9. Nf3 Nf5 10. d3 Be7 11. Nc3 O-O 12. Bf4 Ncd4 13. Nxd4 Nxd4 
14. Bxd7 Qxd7 15. Re1 Bd6 16. Bxd6 Qxd6 17. Ne4 Qe7 18. a4 f5 19. Ng3 Rf6 
20. Nh5 Rh6 21. Re3 Qg5 22. Ng3 Rg6 23. Qh5 Qxh5 24. Nxh5 Nc2 25. Rae1 
Nxe3 26. Rxe3 Kf7 27. Nf4 Rh6 28. g3 g5 29. Ng2 Rd8 30. Ne1 b6 31. Nf3 g4 
32. Ne5+ Kf6 33. f4 gxf3 34. Nxf3 Rg6 35. Nh4 Rg4 36. Ng2 e5 37. h3 Rgd4 
38. Ne1 e4 39. Re2 exd3 40. Rd2 Rxc4 41. b3 Rc3 0-1

[Event "CCLA Team Champ, Div 2 Bd 3, S91139"]
[Site "CCLA"]
[Date "2019.10.14"]
[Round "?"]
[White "Jimenez, Jose"]
[Black "Vecchio, Ralph"]
[Result "0-1"]
[WhiteElo "1163"]
[BlackElo "1450"]
[Board "3"]
[WhiteTeam "Snowbirds"]
[BlackTeam "Idaho Mountaineers"]

1. e4 e5 2. Nf3 d6 3. Bc4 Nc6 4. Ng5 Qxg5 5. g3 Qd8 6. O-O Nf6 7. d3 Be7 
8. Nc3 Nd4 9. Qd2 Nf3+ 10. Kh1 Nxd2 11. Bxd2 c6 12. Rae1 Bh3 13. Rg1 Qb6 
14. Be3 Qxb2 15. Bd2 Qb6 16. Re2 O-O-O 17. f4 Ng4 18. Bxf7 Nf2+ 19. Rxf2 
Qxf2 20. Be1 Qf3+ 21. Rg2 Qxg2# 0-1

[Event "CCLA Team Champ, Div 2 Bd 3, S91139"]
[Site "CCLA"]
[Date "2019.10.14"]
[Round "?"]
[White "Jimenez, Jose"]
[Black "Avery, Bryce"]
[Result "0-1"]
[WhiteElo "1163"]
[BlackElo "1684"]
[Board "3"]
[WhiteTeam "Snowbirds"]
[BlackTeam "Castles West "]

1. e4 e5 2. Nf3 Nf6 3. Bd3 Nc6 4. O-O Bc5 5. h3 O-O 6. Nc3 d6 7. a3 Be6 8.
 b4 Bb6 9. Ng5 Qd7 10. Nxe6 fxe6 11. Bb5 d5 12. d3 Rf7 13. Na4 dxe4 14. 
Bxc6 Qxc6 15. Bb2 Qxa4 16. Bxe5 Rd8 17. c4 Qxd1 18. Raxd1 exd3 19. c5 Bxc5
20. bxc5 Rd5 21. Bxc7 Rxc7 22. g4 Rcxc5 23. Rb1 Rb5 24. Rbe1 e5 25. Rc1 d2
26. Rc8+ Kf7 27. a4 d1=Q 28. Rc7+ Kg6 29. Rxd1 Rxd1+ 30. Kg2 Rb2 31. Rc3 
Rdd2 32. Kg3 Ne4+ 33. Kf3 Nxc3 34. h4 Rxf2+ 0-1

[Event "CCLA Team Champ, Div 2 Bd 3, S91139"]
[Site "CCLA"]
[Date "2019.10.14"]
[Round "?"]
[White "Jimenez, Jose"]
[Black "Zarges, Ron V."]
[Result "0-1"]
[WhiteElo "1163"]
[BlackElo "1687"]
[Board "3"]
[WhiteTeam "Snowbirds"]
[BlackTeam "Norsemen"]

1. e4 c5 2. c4 Nc6 3. Nf3 g6 4. Be2 Bg7 5. O-O d6 6. d3 Nf6 7. Nc3 O-O 8. 
d4 cxd4 9. Nd5 Nxe4 10. Qd3 Nc5 11. Qa3 Ne6 12. b4 d3 13. Bxd3 Bxa1 14. 
Be3 Bd4 15. b5 Bxe3 16. b6 Bc5 17. Qa4 Bxb6 18. Nxb6 Qxb6 19. Qb3 Qxb3 20.
 axb3 Ned4 21. Nxd4 Nxd4 22. b4 Bf5 0-1

[Event "CCLA Team Champ, Div 2 Bd 3, S91139"]
[Site "CCLA"]
[Date "2019.10.14"]
[Round "?"]
[White "Avery, Bryce"]
[Black "Vecchio, Ralph"]
[Result "1-0"]
[WhiteElo "1684"]
[BlackElo "1450"]
[Board "3"]
[WhiteTeam "Castles West "]
[BlackTeam "Idaho Mountaineers"]

1. e4 e5 2. f4 exf4 3. Nf3 Nf6 4. Nc3 d6 5. Bc4 Nh5 6. O-O g5 7. d4 c6 8. 
Qe2 g4 9. Nd2 Bh6 10. Nb3 Qe7 11. Bd2 Na6 12. Rae1 Nc7 13. e5 d5 14. Bd3 
Rg8 15. Bxh7 Rh8 16. Bd3 b6 17. e6 Bxe6 18. Qe5 Bg7 19. Qe2 g3 20. h3 
O-O-O 21. a4 Rdg8 22. Bf5 Qf6 23. Bxe6+ fxe6 24. Qe5 Qf7 25. Qd6 Rh6 26. 
a5 e5 27. Qb4 Bf8 28. Qa4 b5 29. Qa1 Ne6 30. Rxe5 Bd6 31. Ree1 a6 32. Qd1 
b4 33. Na4 Qb7 34. Nb6+ Kc7 35. Rxe6 Rxe6 36. Qxh5 Rf8 37. Nc5 Bxc5 38. 
dxc5 Qb8 39. Qh7+ 1-0

[Event "CCLA Team Champ, Div 2 Bd 3, S91139"]
[Site "CCLA"]
[Date "2019.10.14"]
[Round "?"]
[White "Avery, Bryce"]
[Black "Jimenez, Jose"]
[Result "1-0"]
[WhiteElo "1684"]
[BlackElo "1163"]
[Board "3"]
[WhiteTeam "Castles West "]
[BlackTeam "Snowbirds"]

1. Nf3 Nf6 2. c4 Nc6 3. d4 Na5 4. b3 e6 5. Bb2 Bb4+ 6. Nc3 O-O 7. e3 d5 8.
 Bd3 Ne4 9. Qc2 Nxc3 10. Bxc3 Bxc3+ 11. Qxc3 b6 12. O-O dxc4 13. bxc4 c5 
14. Rfd1 Ba6 15. d5 exd5 16. cxd5 Bb7 17. e4 Qd6 18. Rd2 c4 19. Bc2 b5 20.
 Qxa5 Qc5 21. a4 Qb6 22. axb5 Qc5 23. d6 c3 24. Rd4 a6 25. Qc7 Qxb5 26. 
Rb1 Qe2 27. Qxc3 Rac8 28. Qxc8 Bxc8 29. Bd1 Qa2 30. Rdb4 Rd8 31. e5 Bf5 
32. Rb8 g6 33. Rxd8+ Kg7 34. Rb4 Qa1 35. Rd4 Bc2 36. d7 Bxd1 37. Rg8+ Kxg8
38. d8=Q+ Kg7 39. Qf6+ 1-0

[Event "CCLA Team Champ, Div 2 Bd 3, S91139"]
[Site "CCLA"]
[Date "2019.10.14"]
[Round "?"]
[White "Avery, Bryce"]
[Black "Zarges, Ron V."]
[Result "1/2-1/2"]
[WhiteElo "1684"]
[BlackElo "1687"]
[Board "3"]
[WhiteTeam "Castles West "]
[BlackTeam "Norsemen"]

1. c4 e5 2. Nc3 Bb4 3. Nd5 a5 4. Nf3 e4 5. Nd4 c6 6. Nxb4 axb4 7. Qb3 Na6 
8. d3 exd3 9. exd3 Nf6 10. Bg5 O-O 11. Be2 Re8 12. Qc2 d6 13. O-O Bd7 14. 
Bf3 h6 15. Bh4 g5 16. Bg3 Qb6 17. Nb3 c5 18. Rfe1 Rxe1+ 19. Rxe1 Nc7 20. 
a3 Re8 21. Rxe8+ Ncxe8 22. axb4 Qxb4 23. Nd2 g4 24. Be2 Nh5 25. Bh4 Qa5 
26. f3 Nf4 27. Bf1 Ng6 28. Bg3 gxf3 29. Nxf3 Bf5 30. Nh4 Nxh4 31. Bxh4 Qc7
32. Qe2 Ng7 33. g4 Bg6 34. Bg2 Qd7 35. Qf3 Qe6 36. Bf6 Bxd3 37. Qxd3 Qxf6 
38. Bxb7 Qxb2 39. Bd5 Qf6 40. h3 Ne6 41. Qe3 Kg7 42. Kh2 Qd4 43. Qxd4+ 
cxd4 44. Kg3 Kf6 45. h4 Ke5 46. Kf3 d3 1/2-1/2